[Event "Over 1800"]
[Site "Edmonton"]
[Date "2016.08.28"]
[Round "4.1"]
[White "Briones, Dante"]
[Black "MacKinnon, Keith"]
[Result "0-1"]
[WhiteElo "2032"]
[BlackElo "2259"]
[PlyCount "158"]
[EventDate "2016.08.27"]
[EventType "swiss"]
[EventRounds "5"]
[EventCountry "CAN"]
[SourceDate "2016.04.20"]

1. e4 c5 2. Nf3 e6 3. d4 cxd4 4. Nxd4 a6 5. Be2 Nf6 6. Bf3 Qc7 7. O-O Nc6 8.
Nxc6 dxc6 9. c4 e5 10. Be3 Be6 11. Qc2 Be7 12. c5 O-O 13. Nd2 Ng4 14. Bxg4 Bxg4
15. f3 Be6 16. g4 h6 17. Rfd1 Bg5 18. Bf2 Rad8 19. Nf1 Rxd1 20. Rxd1 Rd8 21.
Rxd8+ Qxd8 22. b4 Bf4 23. a3 Kf8 24. Kg2 Ke8 25. h3 Qd7 26. Ne3 h5 27. Kf1 Qd4
28. Ke2 Qa1 29. Qd3 Qc1 30. Be1 a5 31. Qc3 Bxe3 32. Qxe3 Qb2+ 33. Bd2 Bc4+ 34.
Kf2 Qb1 35. Be1 hxg4 36. hxg4 Qa2+ 37. Kg1 a4 38. Bd2 Qb1+ 39. Be1 Qd1 40. Kf2
Bd3 41. Qd2 Qb1 42. Kg3 f6 43. Kf2 Qb3 44. Qc1 Bc2 45. Qa1 Bd1 46. Qc3 Qa2+ 47.
Bd2 Bb3 48. Qc1 Bc2 49. Kg3 Qb3 50. Be3 Kd7 51. Qd2+ Bd3 52. Qc1 Kc8 53. Kf2
Qa2+ 54. Bd2 Kb8 55. Qc3 Bc4 56. Kg3 Bf1 57. g5 Qe6 58. Qe3 Qh3+ 59. Kf2 Bc4
60. Qe1 Qh2+ 61. Ke3 fxg5 62. Bc3 g4 63. Qd1 Qh6+ 64. Kf2 Qh4+ 65. Ke3 Qg5+ 66.
Kf2 Qh4+ 67. Ke3 Qg5+ 68. Kf2 gxf3 69. Bxe5+ Qxe5 70. Qd8+ Ka7 71. Qa5+ Ba6 72.
Qb6+ Ka8 73. Qd8+ Qb8 74. Qe7 Be2 75. Ke3 Qh8 76. e5 Qh6+ 77. Ke4 Qd2 78. Qf8+
Ka7 79. e6 Qd3+ 0-1

[Event "Over 1800"]
[Site "Edmonton"]
[Date "2016.08.28"]
[Round "4.2"]
[White "Haynes, Nicolas"]
[Black "Haessel, Dale"]
[Result "0-1"]
[WhiteElo "2283"]
[BlackElo "2311"]
[PlyCount "54"]
[EventDate "2016.08.27"]
[EventType "swiss"]
[EventRounds "5"]
[EventCountry "CAN"]
[SourceDate "2016.04.20"]

1. d4 Nf6 2. Bg5 d5 3. Bxf6 exf6 4. e3 Bd6 5. c4 dxc4 6. Bxc4 O-O 7. Nc3 f5 8.
Nf3 Nd7 9. O-O Nf6 10. Nb5 Be7 11. Ne5 a6 12. Nc3 Bd6 13. h3 Qe7 14. f4 g6 15.
Qf3 Kg7 16. Bd3 c6 17. g4 fxg4 18. hxg4 Nxg4 19. Nxg4 Bxg4 20. Qg3 h5 21. e4
Rad8 22. Rae1 Bb4 23. f5 Qd6 24. Qxd6 Rxd6 25. d5 gxf5 26. e5 Rg6 27. d6 Be2+
0-1

[Event "Over 1800"]
[Site "Edmonton"]
[Date "2016.08.28"]
[Round "4.3"]
[White "Kalisvaart, Peter"]
[Black "Findlay, Ian"]
[Result "1/2-1/2"]
[WhiteElo "2029"]
[BlackElo "2264"]
[PlyCount "59"]
[EventDate "2016.08.27"]
[EventType "swiss"]
[EventRounds "5"]
[EventCountry "CAN"]
[SourceDate "2016.04.20"]

1. d4 Nf6 2. Bg5 Ne4 3. h4 c5 4. dxc5 Qa5+ 5. Nd2 e6 6. c3 Nxd2 7. b4 Qa3 8.
Bxd2 a5 9. Rh3 axb4 10. cxb4 Qa7 11. Qc1 Nc6 12. e4 d6 13. Bb5 dxc5 14. Be3 Bd7
15. Bxc5 Bxc5 16. Qxc5 Qxc5 17. bxc5 Nb4 18. Rb1 Bxb5 19. Rxb4 Bc6 20. a3 Ra5
21. Rc3 Ke7 22. f3 Rha8 23. Rbb3 R8a7 24. Ne2 Ba4 25. Rb6 Bc6 26. Nd4 Rxa3 27.
Rxa3 Rxa3 28. Nxc6+ bxc6 29. Rb7+ Ke8 30. Rb8+ 1/2-1/2

[Event "Over 1800"]
[Site "Edmonton"]
[Date "2016.08.28"]
[Round "4.4"]
[White "Karmali, Hafiz"]
[Black "Tran-Ly, Tristan"]
[Result "1-0"]
[WhiteElo "1968"]
[BlackElo "2039"]
[PlyCount "79"]
[EventDate "2016.08.27"]
[EventType "swiss"]
[EventRounds "5"]
[EventCountry "CAN"]
[SourceDate "2016.04.20"]

1. d4 d5 2. c4 e6 3. Nc3 c6 4. e4 dxe4 5. Nxe4 Bb4+ 6. Nc3 Nf6 7. Nf3 O-O 8.
Bd3 c5 9. Be3 cxd4 10. Nxd4 e5 11. Nde2 Bg4 12. f3 Be6 13. O-O Qc8 14. Qb3 Na6
15. Nd5 Nxd5 16. cxd5 Bc5 17. Bxh7+ Kxh7 18. dxe6 Bxe3+ 19. Qxe3 Qxe6 20. f4
exf4 21. Qd3+ Qg6 22. Qh3+ Qh6 23. Qf5+ Kg8 24. Nxf4 Rad8 25. Rf3 Qb6+ 26. Kh1
Qxb2 27. Raf1 Rd6 28. Rh3 g6 29. Qg5 Qg7 30. Qe7 Rf6 31. Rhf3 g5 32. Nh5 Rxf3
33. gxf3 Qh6 34. Nf6+ Kg7 35. Nd7 Rh8 36. Qe5+ f6 37. Qe7+ Kg6 38. Qxf6+ Kh5
39. Qf5 Qg7 40. Rg1 1-0

[Event "Over 1800"]
[Site "Edmonton"]
[Date "2016.08.28"]
[Round "4.5"]
[White "Zeggelaar, Mike"]
[Black "Malek, Omid"]
[Result "1/2-1/2"]
[WhiteElo "1973"]
[BlackElo "2140"]
[PlyCount "88"]
[EventDate "2016.08.27"]
[EventType "swiss"]
[EventRounds "5"]
[EventCountry "CAN"]
[SourceDate "2016.04.20"]

1. d4 Nf6 2. Nf3 e6 3. e3 b6 4. Bd3 Bb7 5. O-O c5 6. c4 Be7 7. Nc3 O-O 8. a3 d6
9. Bc2 Nbd7 10. Qd3 h6 11. d5 exd5 12. Nxd5 Bxd5 13. cxd5 Ne5 14. Nxe5 dxe5 15.
e4 Bd6 16. Qf3 b5 17. Qf5 Qd7 18. Qxd7 Nxd7 19. a4 a6 20. f3 c4 21. Be3 b4 22.
Rac1 Rfc8 23. g3 Nc5 24. Bxc5 Bxc5+ 25. Kg2 b3 26. Bd1 Be3 27. Rb1 Rab8 28. Re1
Bd4 29. Re2 Rb4 30. Rc1 Kf8 31. f4 f6 32. Kf3 Ke7 33. Rd2 Rc5 34. fxe5 fxe5 35.
h3 Rxa4 36. Bxb3 Rb4 37. Ba2 Bxb2 38. d6+ Kd7 39. Rxc4 Rcxc4 40. Bxc4 Rxc4 41.
Rxb2 Kxd6 42. Rb7 Rc7 43. Rb6+ Rc6 44. Rb7 Rc7 1/2-1/2

[Event "Over 1800"]
[Site "Edmonton"]
[Date "2016.08.28"]
[Round "4.6"]
[White "Macleod, Damon"]
[Black "Menard, Tyson"]
[Result "1-0"]
[WhiteElo "1908"]
[BlackElo "1826"]
[PlyCount "59"]
[EventDate "2016.08.27"]
[EventType "swiss"]
[EventRounds "5"]
[EventCountry "CAN"]
[SourceDate "2016.04.20"]

1. e4 c6 2. d4 d5 3. e5 Bf5 4. Nf3 e6 5. Be2 Ne7 6. O-O Bg6 7. Bg5 h6 8. Bh4
Qb6 9. b3 Nf5 10. c4 dxc4 11. bxc4 Qb2 12. Nbd2 Nxd4 13. Nxd4 Qxd4 14. Ne4 Qxd1
15. Rfxd1 Nd7 16. Nd6+ Bxd6 17. exd6 f6 18. f4 Nc5 19. Bf2 Ne4 20. c5 Nxf2 21.
Kxf2 Be4 22. Rd4 Bg6 23. Bf3 Kd7 24. Rc1 a5 25. Rc3 Rhb8 26. Rb3 Bf7 27. Rb6
Ra7 28. Bxc6+ Kc8 29. Bb5 Kd8 30. c6 1-0

[Event "Over 1800"]
[Site "Edmonton"]
[Date "2016.08.28"]
[Round "4.7"]
[White "Dave, Bhavik"]
[Black "Wang, Kaixin"]
[Result "1/2-1/2"]
[WhiteElo "1830"]
[BlackElo "1819"]
[PlyCount "52"]
[EventDate "2016.08.27"]
[EventType "swiss"]
[EventRounds "5"]
[EventCountry "CAN"]
[SourceDate "2016.04.20"]

1. d4 Nf6 2. c4 c5 3. d5 e5 4. Nc3 d6 5. Bg5 Be7 6. e4 Nxd5 7. Nxd5 Bxg5 8. Nf3
Bg4 9. Be2 Bxf3 10. Bxf3 Nc6 11. O-O O-O 12. Qd3 Nd4 13. g3 Qd7 14. b3 Rad8 15.
Rad1 f5 16. exf5 Nxf3+ 17. Qxf3 Rxf5 18. Qd3 Qf7 19. Nc3 b6 20. Ne4 Be7 21. Rd2
Qg6 22. Rfd1 Bf8 23. Qd5+ Rf7 24. Nc3 h6 25. Qg2 Be7 26. Nb5 Bf8 1/2-1/2

[Event "Over 1800"]
[Site "Edmonton"]
[Date "2016.08.28"]
[Round "4.8"]
[White "Yao, David"]
[Black "Bin Shoeb, Mashad"]
[Result "1-0"]
[WhiteElo "1817"]
[BlackElo "1829"]
[PlyCount "113"]
[EventDate "2016.08.27"]
[EventType "swiss"]
[EventRounds "5"]
[EventCountry "CAN"]
[SourceDate "2016.04.20"]

1. Nf3 d5 2. g3 c5 3. Bg2 Nc6 4. d3 e5 5. Nbd2 Nf6 6. e4 Be6 7. O-O Be7 8. Re1
d4 9. Qe2 O-O 10. h3 h6 11. Nc4 Qc7 12. c3 Rac8 13. Bd2 Rfd8 14. cxd4 Bxc4 15.
dxc4 Nxd4 16. Nxd4 cxd4 17. b3 Qb6 18. Red1 Bb4 19. Bxb4 Qxb4 20. Qd2 Qc5 21.
Rac1 a5 22. Kh2 Ra8 23. f4 b5 24. fxe5 Qxe5 25. cxb5 Qxb5 26. e5 Nd5 27. Qxd4
Qe2 28. Qc4 Qxg2+ 29. Kxg2 Ne3+ 30. Kf3 Nxc4 31. Rxd8+ Rxd8 32. Rxc4 Rd2 33.
Ra4 Rd5 34. Ke4 Rb5 35. Rd4 Kf8 36. Rd5 Rb4+ 37. Kd3 a4 38. Rd4 Rb5 39. Rxa4
Rxe5 40. Re4 Ra5 41. a4 f5 42. Rb4 Rd5+ 43. Ke3 Rd1 44. Rf4 g6 45. a5 Ke7 46.
a6 Rd7 47. Ra4 Ra7 48. b4 Kd6 49. Kd4 g5 50. b5 Kc7 51. Kc5 Kb8 52. b6 Rf7 53.
Rd4 Rf8 54. Kc6 f4 55. a7+ Ka8 56. b7+ Kxa7 57. Ra4+ 1-0

[Event "Over 1800"]
[Site "Edmonton"]
[Date "2016.08.28"]
[Round "5.1"]
[White "Haessel, Dale"]
[Black "MacKinnon, Keith"]
[Result "1/2-1/2"]
[WhiteElo "2311"]
[BlackElo "2259"]
[PlyCount "68"]
[EventDate "2016.08.27"]
[EventType "swiss"]
[EventRounds "5"]
[EventCountry "CAN"]
[SourceDate "2016.04.20"]

1. d4 Nf6 2. c4 e6 3. Nc3 Bb4 4. e3 O-O 5. Nge2 d5 6. a3 Be7 7. Nf4 Re8 8. cxd5
exd5 9. Bd3 c6 10. O-O Bd6 11. f3 b6 12. Bc2 Ba6 13. Re1 Qc7 14. g3 Bxf4 15.
gxf4 Nbd7 16. e4 c5 17. e5 cxd4 18. Qxd4 Nc5 19. Qd2 Qe7 20. b4 d4 21. Qxd4 Ne6
22. Qe3 Nh5 23. Nd5 Qh4 24. f5 Nd4 25. Be4 Rac8 26. Bd2 Nc2 27. Bxc2 Rxc2 28.
e6 fxe6 29. fxe6 Bc4 30. Nc3 Rxe6 31. Ne4 Nf6 32. Rac1 Nxe4 33. fxe4 Qg4+ 34.
Qg3 Qxg3+ 1/2-1/2

[Event "Over 1800"]
[Site "Edmonton"]
[Date "2016.08.28"]
[Round "5.2"]
[White "Findlay, Ian"]
[Black "Karmali, Hafiz"]
[Result "1-0"]
[WhiteElo "2264"]
[BlackElo "1968"]
[PlyCount "131"]
[EventDate "2016.08.27"]
[EventType "swiss"]
[EventRounds "5"]
[EventCountry "CAN"]
[SourceDate "2016.04.20"]

1. e4 e6 2. d4 d5 3. Nd2 Nf6 4. e5 Nfd7 5. Bd3 c5 6. c3 Nc6 7. Ngf3 f6 8. Ng5
f5 9. Nxe6 Qb6 10. Qb3 Qxb3 11. axb3 Ndxe5 12. Bxf5 Bxe6 13. Bxe6 Nd3+ 14. Kf1
Nf4 15. Bg4 cxd4 16. Nf3 Bd6 17. Bxf4 Bxf4 18. cxd4 Kf7 19. g3 Bc7 20. Re1 Rhe8
21. Kg2 Ba5 22. Re3 g6 23. Bd7 Rxe3 24. fxe3 Nb4 25. Ne5+ Ke7 26. Rc1 Rd8 27.
Bc8 Na2 28. Rc5 Bb6 29. Bxb7 Bxc5 30. Nc6+ Kd7 31. Nxd8 Kxd8 32. dxc5 Nb4 33.
e4 Nd3 34. Bxd5 Nxc5 35. Kf3 Ke7 36. Ke3 Kd6 37. Kd4 Nd7 38. Kc4 g5 39. h4 gxh4
40. gxh4 Ne5+ 41. Kb5 Kc7 42. h5 Ng4 43. Be6 Nf6 44. Bf5 Nxh5 45. Bxh7 Nf4 46.
e5 Nd5 47. Bg8 Ne7 48. Bc4 Nf5 49. Ka6 Kb8 50. b4 Ne7 51. b5 Nc8 52. Bf7 Ne7
53. b6 axb6 54. Kxb6 Kc8 55. b4 Kb8 56. b5 Nf5 57. Kc6 Nd4+ 58. Kc5 Nf5 59. Bg6
Ne7 60. Be4 Nc8 61. Bc6 Ne7 62. Kd6 Nc8+ 63. Kd7 Nb6+ 64. Kd8 Nc8 65. e6 Nd6
66. Kd7 1-0

[Event "Over 1800"]
[Site "Edmonton"]
[Date "2016.08.28"]
[Round "5.3"]
[White "Kalisvaart, Peter"]
[Black "Briones, Dante"]
[Result "1-0"]
[WhiteElo "2029"]
[BlackElo "2032"]
[PlyCount "91"]
[EventDate "2016.08.27"]
[EventType "swiss"]
[EventRounds "5"]
[EventCountry "CAN"]
[SourceDate "2016.04.20"]

1. d4 Nf6 2. Bg5 d5 3. Bxf6 gxf6 4. e3 e5 5. Nf3 e4 6. Nfd2 f5 7. g3 Be6 8. c4
c6 9. Nc3 Nd7 10. cxd5 cxd5 11. Rc1 a6 12. Qb3 Rb8 13. Nxd5 Rc8 14. Rxc8 Qxc8
15. Qc3 Qxc3 16. Nxc3 Bb4 17. Bh3 Nb6 18. O-O O-O 19. Rc1 Rc8 20. a3 Bd6 21.
Ne2 Rxc1+ 22. Nxc1 Na4 23. d5 Bxd5 24. Bxf5 Nxb2 25. Nxe4 Bxe4 26. Bxe4 b6 27.
Nd3 Bxa3 28. Ne5 Kg7 29. Kf1 Bd6 30. Nc6 a5 31. Ke2 a4 32. Bd5 Bc5 33. Na7 Bb4
34. Nb5 f6 35. e4 Kf8 36. f4 Ke7 37. g4 a3 38. h4 Na4 39. Kd3 Be1 40. Nxa3 Bxh4
41. Nb5 Bf2 42. Ke2 Bc5 43. Bb3 Nb2 44. Kd2 Kd7 45. Kc2 Kc6 46. Nc3 1-0

[Event "Over 1800"]
[Site "Edmonton"]
[Date "2016.08.28"]
[Round "5.4"]
[White "Malek, Omid"]
[Black "Macleod, Damon"]
[Result "1-0"]
[WhiteElo "2140"]
[BlackElo "1908"]
[PlyCount "89"]
[EventDate "2016.08.27"]
[EventType "swiss"]
[EventRounds "5"]
[EventCountry "CAN"]
[SourceDate "2016.04.20"]

1. d4 d5 2. Bf4 Nf6 3. e3 e6 4. Nf3 Nbd7 5. Be2 Be7 6. h3 O-O 7. O-O c5 8. c3
b6 9. Nbd2 Bb7 10. Qb1 Rc8 11. Bd3 Re8 12. b4 cxd4 13. cxd4 Rc3 14. Ne5 Qc8 15.
b5 Rd8 16. a4 Nf8 17. Qb2 Ne4 18. Bxe4 dxe4 19. Nc6 Rxc6 20. bxc6 Bxc6 21. a5
b5 22. Rfc1 Qb7 23. Rc2 Ng6 24. Bg3 b4 25. Rac1 Bd5 26. Nb3 Qb5 27. Rc8 Rxc8
28. Rxc8+ Nf8 29. Nc5 f6 30. Rb8 Qxa5 31. Rxb4 Bxc5 32. dxc5 Qxc5 33. Rb5 Qc4
34. Ra5 a6 35. Qa3 Qd3 36. Qe7 e5 37. Rc5 Qa3 38. Qa7 Bf7 39. Rc6 a5 40. Ra6 h6
41. Rxa5 Qc1+ 42. Kh2 Ne6 43. h4 Qd1 44. Qa8+ Qd8 45. Qxd8+ 1-0

[Event "Over 1800"]
[Site "Edmonton"]
[Date "2016.08.28"]
[Round "5.5"]
[White "Yao, David"]
[Black "Dave, Bhavik"]
[Result "0-1"]
[WhiteElo "1817"]
[BlackElo "1830"]
[PlyCount "100"]
[EventDate "2016.08.27"]
[EventType "swiss"]
[EventRounds "5"]
[EventCountry "CAN"]
[SourceDate "2016.04.20"]

1. Nf3 Nf6 2. d3 Nc6 3. g3 d5 4. Bg2 Bf5 5. Nbd2 e6 6. h3 Be7 7. Nh4 O-O 8.
Nxf5 exf5 9. O-O Ne5 10. Nf3 Ng6 11. e3 c5 12. a3 Qc7 13. c4 dxc4 14. dxc4 Rad8
15. Qc2 Ne4 16. b3 Rfe8 17. Bb2 h5 18. h4 Nxg3 19. fxg3 Qxg3 20. Qf2 Qxf2+ 21.
Rxf2 Nxh4 22. Nxh4 Bxh4 23. Rxf5 Rd2 24. Bd5 Re7 25. Be5 g6 26. Rxf7 Rxf7 27.
Rf1 Rxd5 28. cxd5 Rxf1+ 29. Kxf1 Kf7 30. Ke2 Bf6 31. Bh2 Bb2 32. a4 Kf6 33. Bd6
b6 34. Bb8 a6 35. Bc7 b5 36. axb5 axb5 37. Bd6 c4 38. bxc4 bxc4 39. e4 Be5 40.
Bc5 h4 41. Kf3 h3 42. Be3 h2 43. Kg2 c3 44. Bb6 c2 45. Bd8+ Kf7 46. Bg5 Bb2 47.
Kxh2 c1=Q 48. Bxc1 Bxc1 49. Kg3 Kf6 50. Kg4 Ke5 0-1

[Event "Over 1800"]
[Site "Edmonton"]
[Date "2016.08.28"]
[Round "5.6"]
[White "Wang, Kaixin"]
[Black "Zeggelaar, Mike"]
[Result "0-1"]
[WhiteElo "1819"]
[BlackElo "1973"]
[PlyCount "166"]
[EventDate "2016.08.27"]
[EventType "swiss"]
[EventRounds "5"]
[EventCountry "CAN"]
[SourceDate "2016.04.20"]

1. e4 c5 2. Nf3 d6 3. d4 cxd4 4. Nxd4 Nf6 5. Nc3 g6 6. Be3 Bg7 7. f3 O-O 8. Qd2
Nc6 9. Bc4 Bd7 10. O-O-O Rc8 11. Bb3 Ne5 12. Bh6 Bxh6 13. Qxh6 Rxc3 14. bxc3
Qa5 15. Kb2 Rc8 16. Qd2 b5 17. Rb1 Nc4+ 18. Bxc4 Rxc4 19. Nb3 Qc7 20. Rhe1 e5
21. Re3 Be6 22. Rd3 Ne8 23. g4 Rc6 24. h4 a5 25. a3 Qb6 26. Qe3 Qc7 27. Rd2 d5
28. exd5 Nd6 29. Qd3 Nc4+ 30. Kc1 Nxd2 31. Nxd2 Rxc3 32. Qxb5 Rxc2+ 33. Kd1 Bd7
34. Qb3 Rc3 35. Qb2 Re3 36. Qb8+ Qxb8 37. Rxb8+ Kg7 38. Nc4 Rd3+ 39. Ke1 Rxd5
40. Nb6 Rd4 41. Nxd7 Rxd7 42. Rb5 Rd3 43. Rxa5 Rxf3 44. Rxe5 Rxa3 45. g5 Ra4
46. Kf2 Rxh4 47. Kg3 Rh1 48. Kg2 Rb1 49. Kf3 Rb4 50. Re7 Rb5 51. Kg4 Rf5 52.
Re8 h5+ 53. Kh4 Rf4+ 54. Kh3 Rd4 55. Re5 Kf8 56. Kg3 Rd7 57. Ra5 Re7 58. Ra8+
Kg7 59. Ra6 Re4 60. Ra5 Kf8 61. Kf3 Rd4 62. Kg3 Ke7 63. Re5+ Kd6 64. Ra5 Rd5
65. Ra6+ Kc5 66. Kh4 Rd4+ 67. Kh3 Rf4 68. Ra5+ Kb6 69. Rd5 Kc6 70. Ra5 Rf5 71.
Ra7 Rxg5 72. Rxf7 Kd6 73. Ra7 Ke6 74. Ra6+ Kf5 75. Ra5+ Kf6 76. Ra6+ Kg7 77.
Ra7+ Kh6 78. Ra4 Rb5 79. Ra6 Rf5 80. Kh4 Kg7 81. Ra7+ Rf7 82. Ra6 Rf4+ 83. Kg5
Rg4# 0-1

[Event "Over 1800"]
[Site "Edmonton"]
[Date "2016.08.28"]
[Round "5.7"]
[White "Menard, Tyson"]
[Black "Bin Shoeb, Mashad"]
[Result "0-1"]
[WhiteElo "1826"]
[BlackElo "1829"]
[PlyCount "102"]
[EventDate "2016.08.27"]
[EventType "swiss"]
[EventRounds "5"]
[EventCountry "CAN"]
[SourceDate "2016.04.20"]

1. e4 c5 2. d4 cxd4 3. c3 dxc3 4. Nxc3 Nc6 5. Nf3 d6 6. Bc4 e6 7. O-O Nf6 8.
Qe2 Be7 9. Rd1 e5 10. h3 O-O 11. b4 a6 12. Be3 b5 13. Bd5 Nxd5 14. Nxd5 Be6 15.
Bb6 Qd7 16. Rac1 Bd8 17. Rxc6 Qxc6 18. Bxd8 Bxd5 19. exd5 Qc4 20. Qxc4 bxc4 21.
Be7 Rfe8 22. Bxd6 f6 23. Bc5 a5 24. a3 axb4 25. axb4 Ra3 26. d6 c3 27. Rc1 Kf7
28. Nh2 Ke6 29. Nf1 Rea8 30. g3 Kd5 31. d7 Kc6 32. Kg2 Kxd7 33. Ne3 Kc6 34. Nc4
Rb3 35. Be7 Kb5 36. Ne3 Re8 37. Nd1 Kc4 38. Bc5 Rd8 39. Be3 Kxb4 40. Kf1 h6 41.
Ke1 g5 42. Nxc3 Rxc3 43. Bd2 Rxd2 44. Kxd2 Rxc1 45. Kxc1 Kc3 46. Kd1 Kd3 47.
Ke1 h5 48. Kf1 e4 49. Kg2 Ke2 50. Kg1 f5 51. Kg2 f4 0-1